FIP manual of lightweight aggregate concrete / (Record no. 546909)

000 -LEADER
fixed length control field 00673pam a2200169 a 4500
020 ## - INTERNATIONAL STANDARD BOOK NUMBER
International Standard Book Number 0470274840 (Halsted Press)
082 00 - DEWEY DECIMAL CLASSIFICATION NUMBER
Classification number 624.1834
Author Mark FED
-- L-19, P-104
245 00 - TITLE STATEMENT
Title FIP manual of lightweight aggregate concrete /
Statement of responsibility, etc. prepared by Fédération internationale de la précontrainte (FIP).
250 ## - EDITION STATEMENT
Edition statement 2nd ed.
260 ## - PUBLICATION, DISTRIBUTION, ETC.
Place of publication, distribution, etc. Glasgow :
Name of publisher, distributor, etc. Surry University Press ;
Place of publication, distribution, etc. New York :
Name of publisher, distributor, etc. Halsted Press,
Date of publication, distribution, etc. 1983.
300 ## - PHYSICAL DESCRIPTION
Extent xii, 259 p. :
Other physical details ill. ;
Dimensions 24 cm.
526 ## - STUDY PROGRAM INFORMATION NOTE
Program name 0
Interest level 0
Reading level 0
Title point value 624_183400000000000_FED
650 #0 - SUBJECT ADDED ENTRY--TOPICAL TERM
Topical term or geographic name entry element Lightweight concrete
General subdivision Handbooks, manuals, etc.
9 (RLIN) 43111
650 #0 - SUBJECT ADDED ENTRY--TOPICAL TERM
Topical term or geographic name entry element MCE
9 (RLIN) 379
710 2# - ADDED ENTRY--CORPORATE NAME
Corporate name or jurisdiction name as entry element Fédération internationale de la précontrainte.
9 (RLIN) 43112
942 ## - ADDED ENTRY ELEMENTS (KOHA)
Source of classification or shelving scheme
Koha item type Book
Holdings
Withdrawn status Lost status Source of classification or shelving scheme Damaged status Not for loan Permanent Location Current Location Date acquired Total Checkouts Full call number Barcode Date last seen Price effective from Koha item type
          Military College of Engineering (MCE) Military College of Engineering (MCE) 06/20/2014   624.1834 FED MCE-26382 06/20/2014 06/20/2014 Book
© 2023 Central Library, National University of Sciences and Technology. All Rights Reserved.